| 000 | 01006cam a2200313Ia 4500 | ||
|---|---|---|---|
| 001 | 47382 | ||
| 005 | 20230404125943.0 | ||
| 008 | 910926s1968 mx a 000 0 por d | ||
| 035 | _a(OCoLC)ocm24458191 | ||
| 040 |
_aFUG _cFUG _dOCL _dOCLCQ |
||
| 035 | _a(OCoLC)24458191 | ||
| 037 |
_aMN01221 _bfug |
||
| 037 | _bUniversity of Florida Libraries, Gainesville, Fla. 32611 | ||
| 043 | _as-bl--- | ||
| 050 | 1 | 4 |
_a103 F 2508 _bB823 1968 |
| 245 | 0 | 0 |
_aBrasil hoy / _cpor Celso Furtado ... [et al.] ; trad. de Rosa Cusminsky de Cendrero [et al.]. |
| 250 | _a2a ed. | ||
| 260 |
_aMéxico : _bSiglo Veintiuno Editores, _c1968. |
||
| 300 |
_a215 p. ; _c19 cm. |
||
| 440 | 3 | _aEl mundo del hombre: Sociología y política | |
| 651 | 0 |
_aBrazil _xPolitics and government |
|
| 651 | 0 |
_aBrazil _xCivilization |
|
| 651 | 0 |
_aBrazil _xPolitics and government _y1954- |
|
| 700 | 1 | _aFurtado, Celso. | |
| 700 | 1 |
_aCusminsky de Cendrero, Rosa, _etrad. |
|
| 942 |
_2lcc _cbk |
||
| 946 | _aclperez | ||
| 994 |
_aC0 _bDRFGD |
||
| 999 |
_c8010 _d8010 |
||